Las relaciones jurídicas del Monasterio de San Cugat del Vallés (Cataluña) / (Record no. 58227)

MARC details
000 -LEADER
campo de control de longitud fija 00713nam a2200193 i 4500
001 - NÚMERO DE CONTROL
campo de control 58227
003 - IDENTIFICADOR DE NÚMERO DE CONTROL
campo de control ES-MaACL
005 - FECHA Y HORA DE LA ÚLTIMA TRANSACCIÓN
campo de control 20230906163743.0
007 - CAMPO FIJO DE DESCRIPCIÓN FÍSICA--INFORMACIÓN GENERAL
campo de control de longitud fija t|
008 - DATOS DE LONGITUD FIJA--INFORMACIÓN GENERAL
campo de control de longitud fija 031021s1914 sp |||| | spa d
080 ## - NÚMERO DE LA CLASIFICACIÓN DECIMAL UNIVERSAL
Número de la Clasificación Decimal Universal 726.75(460.235 S. Cugat Vallés)(091)
100 1# - ENTRADA PRINCIPAL--NOMBRE DE PERSONA
Nombre de persona Durán Cañameras, Félix.
9 (RLIN) 46209
245 14 - MENCIÓN DEL TÍTULO
Título Las relaciones jurídicas del Monasterio de San Cugat del Vallés (Cataluña) /
Mención de responsabilidad, etc. Félix Durán.
260 ## - PUBLICACIÓN, DISTRIBUCIÓN, ETC.
Lugar de publicación, distribución, etc. Madrid :
Nombre del editor, distribuidor, etc. [s.n.],
Fecha de publicación, distribución, etc. 1914 (
Fabricante Imp. de la Revista de archivos, bibliotecas y museos)
300 ## - DESCRIPCIÓN FÍSICA
Extensión 27 p. ;
Dimensiones 24 cm.
595 ## -
-- Tirada aparte de: Revista de archivos, bibliotecas y museos.
610 24 - PUNTO DE ACCESO ADICIONAL DE MATERIA--NOMBRE DE ENTIDAD CORPORATIVA
Nombre de entidad corporativa o nombre de jurisdicción como elemento de entrada Monasterio de San Cugat del Vallés.
9 (RLIN) 5744
852 ## - LOCALIZACIÓN
Ubicación ES-MaACL
Número de control de estantería T-1453-F-6
Holdings
Estatus retirado Estado de pérdida Estado de daño No para préstamo Colección Biblioteca de origen Biblioteca actual Ubicación en estantería Fecha de adquisición Fuente de adquisición Total de préstamos Signatura topográfica completa Código de barras Visto por última vez Precio de reemplazo Tipo de ítem Koha
        Colección de folletos Biblioteca del Ateneo de Madrid Biblioteca del Ateneo de Madrid Depósito folletos 17/01/2008     T-1453-F-6 1061103 23/02/2023 23/02/2023 Folleto